Zefektívnenie práce vybraného manažéra bakalárska práca

Enregistré dans:
Détails bibliographiques
Auteur principal: Kučera, Ján
Collectivité auteur: Fakulta podnikového manažmentu EU. Katedra manažmentu
Autres auteurs: Mišún, Juraj, 1978-
Format: Livre
Langue:slovaque
Publié: Bratislava 2022
Tags: Ajouter un tag
Pas de tags, Soyez le premier à ajouter un tag!

MARC

LEADER 00000nbm a2200000 4500
001 0285298
005 20230321092558.7
041 0 |a slo 
044 |a SK 
245 1 0 |a Zefektívnenie práce vybraného manažéra  |b bakalárska práca  |c Ján Kučera ; školiteľ: Juraj Mišún 
264 1 |a Bratislava  |c 2022 
300 |a 49 s. 
100 1 |a Kučera, Ján 
700 1 |a Mišún, Juraj, 1978- 
710 2 |a Fakulta podnikového manažmentu EU. Katedra manažmentu